000 00467 a2200169 4500
020 _a158488553X
040 _aDLC
_bDLC
082 _a515.9
100 1 _aJeffrey, Alan.
245 1 0 _aComplex analysis and applications
_cAlan Jeffrey.
250 _a2nd ed.
260 _aBoca Raton :
_bTaylor & Francis,
_cc2006.
300 _a581 p. :
_bill. ;
_c25 cm.
650 0 _aFunctions of complex variables.
650 0 _aMathematical analysis.
942 _cBK
_k515.9 JEF
_2ddc
999 _c7589
_d7589